00571nam a22001697a 450000500170000001000150001702000260003203500140005803700130007208200100008524500920009526000850018727000610027230000260033370000200035970000220037920220601162713.0 aENG-132921 a9789380017297c400.00 aEN-116453 bDBAD/PUB a005.8 aInformation Security in the Digital Era/cEdited by B. Ramesh Babu and P. Nageswara Rao aChennaibKnowledge Centre Society for Electronic Transactions and Securityc2011 bChennaiaMGR Knowledge City, CIT Campus Taramanie600113 axiv, 825p.c29cm(hbk) aBabu, B. Ramesh aRao, P. Nageswara